000 00715nam a2200253Ia 4500
003 OSt
005 20241005100443.0
008 210210b2011 xxu||||| |||| 00| 0 eng d
020 _a8186668748
040 _cAL
041 _akan
082 _aK894.9 RAMC
100 _aRAMACHANDRA (M):
_dರಾಮಚಂದ್ರ (ಎಂ)
_9175074
245 _aChitra charitra:
_bಚಿತ್ರ ಚರಿತ್ರ
260 _aUdupi
_bRashtrakakvi Govinda Pai Samshodhana Kendra
_c2011
300 _axviii,322
650 _aKannada
_9175075
650 _aChitra
_9175076
650 _acharitra
_9175077
650 _aBarahagararu
_9175078
690 _aKannada Criticism
_9175079
906 _a066299
942 _2ddc
_cBK
999 _c90685
_d90685